Регионална библиотека "Любен Каравелов" - Русе

Професионалните вредности - причина за инвалидност (Запис номер 378826)

MARC детайли
000 -Лидер
Контролно поле с фиксирана дължина 01266nam a2200349 c 4500
003 - Код на организацията, давaща контролен номер
Контролно поле BLK
005 - Дата и час на последна редакция
Контролно поле 20200804093840.0
008 - Елементи от данни с фиксирана дължина
fixed length control field 200311b bul|||||r ||||||| ||bul||
040 ## - Източник на каталожния запис
Идентификатор на билиотеката - собственик на записа BLK
041 ## - Код за език
Код за езика на текст/звукозапис или на отделно заглавие Български
Код за езика КДБФ Български
080 ## - УДК
Текстов определител УДК Професионални болести. Общи въпроси
УДК код - определител по УДК 613.62
УДК - код + определител 613.62
100 1# - Редна дума - Автор
Автор Йорданов, Евгени
Авторска отговорност Първи автор
R(LIN) 422981
139 ## - Редно поле
Редна дума Йорданов, Евгени и др.
245 10 - Сведения за заглавието
Заглавие Професионалните вредности - причина за инвалидност
Редно поле (дума) Евгени Йорданов; Съавт. Цв. Алексиева.
257 ## - Страна на издаване
Страна на създаване/издаване България
260 ## - Област на издателските данни
Място на издаване, разпространение и проч. София
Име на издателя, разпространителя и проч. Профиздат
Година на издаване 1962
300 ## - Физическа характеристика
Страници 84 с.
Размери/Мащаб 18 см
380 ## - Жанр
Жанр Медицина
490 1# - СЕРИИ (Колекции)
Име на серия Библиотека Профсъюзна просвета
№: серия 18
500 ## - Общи забележки
Забележка 8 100 тир. 0,15 лв.
650 #4 - Допълнително описание по предмет – тема
Основно описание – тема или топоним Професионални болести
9 (RLIN) 422982
653 #7 - Ключова дума – ненормативна
Ключова дума професионални болести
9 (RLIN) 194805
653 #7 - Ключова дума – ненормативна
Ключова дума инвалиди
9 (RLIN) 187596
700 1# - Други автори (авторска отговорност)
Лично име Алексиева, Цв.
Автороска отговорност (Описва отношението между автора и произведението) Съавт.
9 (RLIN) 422983
852 ## - Местоположение
Форматна сигнатура Цб І 5553
Фондова буква Хранилище
999 ## - СИСТЕМНИ КОНТРОЛНИ НОМЕРА
Koha biblionumber 378826
Koha biblioitemnumber 378826
942 ## - АРТИКУЛИ
Вид на библиотечния материал Книги
Скрит в OPAC Не
Периодичен библиозапис Да
944 ## - СЪЗДАВАНЕ И РЕДАКЦИЯ на ЗАПИСА
Създаване/Редакция Създаване
Дата на регистрацията/редакция 2020-08-04
Служител, извършил регистрацията/редакцията Микаела Микова - Илиева
999 ## - СИСТЕМНИ КОНТРОЛНИ НОМЕРА
Koha biblioitemnumber 395297
Наличности
Код за отписване Код за изгубен артикул Източник на класификационната схема Код за повреда Коз за рестрикции Код за отдаване Артикулен № Име на библиотеката - собственик Име на библиотеката, в която се намира в момента Статус (Текущо местоположение) Дата на вписване в системата Местоположение - отдел Цена в лева Инвентарен номер Систематично азбучна сигнатура Баркод Цена в евро Служебен тип на артикула
  Не е изгубен Universal Decimal Classification Не е повреден само за читалня ползва се в читалня 788501 Регионална библиотека "Любен Каравелов" Русе Регионална библиотека "Любен Каравелов" Русе Хранилище 2020-08-07 Хранилище 0.15 17666/62 Цб І 5553 900000027326 0.08 Книги
Vip Innovations Ltd, Rousse, Bulgaria 2025